000 00780nam a2200217Ia 4500
003 GCL
008 140319s9999 xx 000 0 ara d
040 _aGCL /
_cGCL
082 0 4 _a243
_bق ا
100 1 _aابن قيم الجوزية: شمس الدين ابو عبدالله محمد بن ابى بكر
245 1 0 _aاغاثة اللهفان من مصايد الشيطان /
_cابن قيم الجوزية: شمس الدين ابو عبدالله محمد بن ابى بكر
700 1 _aابى عبدالله محمد بن ابى بكر
260 _a[S.N] :
_bدار احياء الكتب العربية
300 _a332 ص
490 _a
650 0 4 _aامراض
650 0 4 _aالقلق
650 0 4 _aالقلب
650 0 4 _aالقران
942 _2ddc
_cBK
999 _c32013
_d32013